Countries by Partial Flag-Shape Pictures #1 - Statistics

General Stats
  • This quiz has been taken 23 times
  • The average score is 14 of 16
Answer Stats
Picture Answer % Correct
Egypt
100%
Estonia
100%
Germany
100%
Israel
100%
Uganda
100%
Serbia
96%
Switzerland
96%
Turkey
96%
Vietnam
96%
Brazil
91%
Mali
83%
United States
83%
Norway
78%
Solomon Islands
78%
South Africa
70%
Iran
65%
No matching quizzes found
Score Distribution
Percent of People with Each Score
Percentile by Number Answered
Your Score History
You have not taken this quiz